[Event "Amplico Life Europe-ch blitz"]
[Site "Warsaw POL"]
[Date "2013.12.13"]
[Round "22.2"]
[White "Rapport, Richard"]
[Black "Dubov, Daniil"]
[Result "0-1"]
[BlackElo "2683"]
[EventDate "2013.12.13"]
[WhiteElo "2598"]

1.b3 d6 2.Bb2 Nd7 3.d4 Ngf6 4.Nc3 g6 5.Qd2 Bg7 6.O-O-O c5 7.e3 O-O 8.h4 a6
9.h5 Nxh5 10.g4 Nhf6 11.g5 cxd4 12.exd4 Nh5 13.Be2 Qa5 14.Bxh5 gxh5 15.Rxh5
Nb6 16.Nge2 Bg4 17.Rh4 Bf5 18.Ng3 Bg6 19.Nh5 Bh8 20.d5 Rac8 21.b4 Bxc3
22.bxa5 Bxd2+ 23.Rxd2 Nxd5 24.Bg7 Rfe8 25.Rxd5 Bxh5 26.Bb2 Bg6 27.c4 Rc6
28.Kd2 Rec8 29.Rdd4 Rc5 30.Bc3 Rxg5 31.Rdg4 Rxg4 32.Rxg4 f6 33.a3 Kf7 34.Ke3
Bf5 35.Rh4 Bg6 36.Bb4 h5 37.Kd4 Rh8 38.c5 dxc5+ 39.Kxc5 Rd8 40.Kb6 Rd7 41.Rh2
e5 42.f3 Ke6 43.Rh4 f5 44.f4 e4 45.Rh3 Rd3 46.Rh1 Rd7 47.Rg1 Bf7 48.Rh1 Be8
49.Rg1 Rh7 50.Rh1 h4 51.Rh3 Kd5 52.Be1 Bc6 53.Bxh4 e3 54.Rxe3 Rxh4 55.Re5+
Kd6 56.Rxf5 Rh3 57.Rf6+ Ke7 58.Rg6 Rxa3 59.f5 Rb3+ 60.Kc7 Rb5 61.Rg7+ Kf6
0-1

[Event "Amplico Life Europe-ch blitz"]
[Site "Warsaw POL"]
[Date "2013.12.13"]
[Round "22.3"]
[White "Sargissian, Gabriel"]
[Black "Grigoryan, Karen H."]
[Result "1/2-1/2"]
[BlackElo "2543"]
[EventDate "2013.12.13"]
[WhiteElo "2702"]

1.d4 d6 2.Nf3 Nf6 3.g3 g6 4.Bg2 Bg7 5.c4 O-O 6.Nc3 Nbd7 7.O-O e5 8.b3 Re8
9.e4 c6 10.Re1 a5 11.h3 Qc7 12.Be3 exd4 13.Nxd4 Nc5 14.Qc2 Bd7 15.Rad1 Rad8
16.Bf4 Bc8 17.Kh2 h6 18.a3 Qe7 19.b4 axb4 20.axb4 Ne6 21.Be3 h5 22.Nxe6 Bxe6
23.Bb6 Rd7 24.Ne2 h4 25.g4 Nxg4+ 26.hxg4 Bxg4 27.f3 Be5+ 28.Kg1 Bh5 29.f4
Bxe2 30.Qxe2 Bxf4 31.Qg4 Bg3 32.Rf1 Ra8 33.Bd4 Ra2 34.Bf6 Qe8 35.Ra1 Rxa1
36.Rxa1 Rc7 37.Kh1 Rc8 38.Rf1 Qe6 39.Qxe6 fxe6 40.Bh3 Re8 41.Kg2 d5 42.exd5
exd5 43.cxd5 cxd5 44.Bg4 Re4 45.Bf3 Rxb4 46.Bxd5+ Kh7 47.Rd1 Kh6 48.Bf3 Rf4
49.Bd4 Rf7 50.Be3+ Kh7 51.Bg4 b5 52.Rd5 Re7 53.Bg1 Rb7 54.Rd7+ Rxd7 55.Bxd7
1/2-1/2

[Event "Amplico Life Europe-ch blitz"]
[Site "Warsaw POL"]
[Date "2013.12.13"]
[Round "22.4"]
[White "Wojtaszek, Radoslaw"]
[Black "Cheparinov, Ivan"]
[Result "1-0"]
[BlackElo "2668"]
[EventDate "2013.12.13"]
[WhiteElo "2711"]

1.Nf3 Nf6 2.c4 g6 3.Nc3 Bg7 4.e4 d6 5.d4 O-O 6.Be2 e5 7.Be3 exd4 8.Nxd4 Re8
9.f3 c6 10.Bf2 d5 11.exd5 cxd5 12.c5 Nc6 13.O-O Re5 14.Bb5 Bd7 15.Bxc6 bxc6
16.b4 a6 17.Qd2 Nh5 18.a4 Re8 19.b5 axb5 20.axb5 cxb5 21.Rxa8 Qxa8 22.Ncxb5
Rc8 23.Rc1 Bf8 24.Nd6 Rc7 25.N4b5 Bxb5 26.Nxb5 Rc8 27.Nd6 Rc6 28.Nb5 Nf6
29.h3 Qb8 30.Qd3 Be7 31.Rc2 h5 32.h4 Qb7 33.Qe2 Bf8 34.Bd4 Nd7 35.Nd6 Qb8
36.Ba1 Bxd6 37.cxd6 Qb1+ 38.Kh2 Rxc2 39.Qe8+ Nf8 40.Qe5 f6 41.Qxf6 Rxg2+
42.Kxg2 Qa2+ 43.Kg3 1-0

[Event "Amplico Life Europe-ch blitz"]
[Site "Warsaw POL"]
[Date "2013.12.13"]
[Round "22.6"]
[White "Tkachiev, Vladislav"]
[Black "Licznerski, Lukasz"]
[Result "1-0"]
[BlackElo "2481"]
[EventDate "2013.12.13"]
[WhiteElo "2688"]

1.Nf3 Nf6 2.g3 b6 3.Bg2 Bb7 4.c4 e6 5.d4 Be7 6.O-O O-O 7.Re1 d5 8.cxd5 exd5
9.Nc3 Nbd7 10.Bf4 c6 11.Qc2 Re8 12.Rad1 Bf8 13.a3 a5 14.h3 b5 15.Ne5 b4
16.axb4 axb4 17.Nxd7 Qxd7 18.Na4 Ba6 19.Nb6 Qb7 20.Nxa8 Rxa8 21.b3 Bb5 22.Bg5
Nd7 23.e4 dxe4 24.Bxe4 h6 25.d5 c5 26.Be7 Re8 27.d6 Bc6 28.Bxc6 Qxc6 29.Bxf8
Rxf8 30.Re7 Rd8 31.Qf5 Nf6 32.Rc7 Qb6 33.Rc8 1-0

[Event "Amplico Life Europe-ch blitz"]
[Site "Warsaw POL"]
[Date "2013.12.13"]
[Round "22.7"]
[White "Dragun, Kamil"]
[Black "Andriasian, Zaven"]
[Result "0-1"]
[BlackElo "2679"]
[EventDate "2013.12.13"]
[WhiteElo "2445"]

1.d4 Nf6 2.c4 c5 3.d5 b5 4.cxb5 a6 5.bxa6 Bxa6 6.Nc3 d6 7.e4 Bxf1 8.Kxf1 g6
9.g3 Bg7 10.Kg2 O-O 11.Nf3 Nbd7 12.Qe2 Qa5 13.a4 Rfb8 14.Ra3 Ng4 15.Bg5 Kf8
16.h4 h5 17.Bc1 Nge5 18.Nd2 Nb6 19.f4 Ng4 20.Rf1 Kg8 21.Rf3 Rc8 22.Nc4 Nxc4
23.Qxc4 Qb4 24.Qe2 c4 25.Qc2 Qa5 26.Bd2 Qb6 27.Nb5 Qb7 28.Bc3 Bxc3 29.Raxc3
Qb6 30.b3 Qa6 31.Rxc4 Rxc4 32.Qxc4 Rc8 33.Qe2 Qa5 34.Nd4 Rc1 35.Rf1 Rc3
36.Rf3 Rc1 37.Nc6 Qc5 38.Nxe7+ Kf8 0-1

[Event "Amplico Life Europe-ch blitz"]
[Site "Warsaw POL"]
[Date "2013.12.13"]
[Round "22.8"]
[White "Moiseenko, Alexander"]
[Black "Azarov, Sergei"]
[Result "0-1"]
[BlackElo "2614"]
[EventDate "2013.12.13"]
[WhiteElo "2642"]

1.d4 f5 2.Bg5 g6 3.Nc3 Bg7 4.e4 fxe4 5.Nxe4 Nf6 6.Ng3 O-O 7.h4 c5 8.dxc5 Qa5+
9.Qd2 Qxc5 10.Nf3 Nc6 11.h5 Ng4 12.c3 Nce5 13.O-O-O Qxf2 14.Bxe7 Qxd2+
15.Rxd2 Re8 16.Nxe5 Nxe5 17.Bg5 d5 18.hxg6 hxg6 19.Bb5 Rf8 20.Bh6 Bxh6
21.Rxh6 Kg7 22.Rh1 a6 23.Ba4 Nc4 24.Rxd5 Rf2 25.Bb3 Nxb2 26.Rd2 Rxd2 27.Kxd2
b5 28.Ne2 Bb7 29.Nf4 Be4 30.Re1 Bf5 31.Re7+ Kf6 32.Nd5+ Kg5 33.Re3 Rd8 34.Ke1
Nd3+ 35.Kf1 Nc5 36.Re5 Nxb3 37.axb3 a5 38.Kf2 a4 39.bxa4 bxa4 40.Ne3 Kf6
41.Ra5 Bd7 42.Nd5+ Kf7 43.Nb6 Bc6 44.Nxa4 Rd2+ 45.Ke3 Ra2 46.Ra7+ Ke8 47.Ra6
Bxa4 48.Rxg6 Kd7 49.Kd4 Bc6 50.g4 Rd2+ 51.Kc5 Rd5+ 52.Kc4 Re5 53.Kd4 Re4+
54.Kc5 Re5+ 55.Kd4 Rd5+ 56.Kc4 Kc7 57.Kb4 Kb6 58.c4 Rd4 59.Kc3 Rf4 60.Kb4 Rf1
61.c5+ Kb7 62.Rg7+ Ka6 63.Rg6 Rf4+ 64.Kc3 Kb5 65.Rg5 Ra4 66.Kd3 Rf4 67.Ke3
Re4+ 68.Kf2 Rd4 69.Kg3 Bd5 70.Rf5 Kxc5 71.g5 Kd6 72.g6 Rd1 73.Kf2 Rd2+ 74.Ke3
Rg2 75.Rf6+ Ke5 76.Ra6 Rg3+ 77.Kf2 Rg4 78.Ke3 Re4+ 79.Kd3 Rf4 80.Ke3 Rf3+
81.Kd2 Kd4 82.g7 Rg3 83.Ra4+ Ke5 84.Ra7 Kf6 85.Rd7 Be6 86.Rd3 Rxg7 87.Rf3+
Ke5 88.Re3+ Kd6 89.Re4 Bd5 90.Rh4 Kc5 91.Rf4 Rg3 92.Rh4 Bc4 93.Rf4 Rd3+
94.Ke1 Rh3 95.Kd2 Bd5 96.Rg4 Kd6 97.Rf4 Ke5 98.Ra4 Rb3 99.Kc2 Rg3 100.Kd2 Be4
101.Ra5+ Kf4 102.Kc1 Rb3 103.Kd2 Rd3+ 104.Ke2 Rc3 105.Ra2 Rh3 106.Ra7 Rh2+
107.Kd1 Ke3 108.Re7 Rh1# 0-1